1565 1888 1681 1490 1441 1621 1243 1021 1559 1450 1396 1307 1973 1319 1942 1389 1697 1379 1780 1065 1344 1884 1569 1008 1028 1120 1387 1576 1310 1435 1465 1759 1101 1539 1007 1102 1291 1939 1892 1989 1405 1344 1536 1151 1816 1097 1411 1443 1995 1394 1587 1353 1483 1740 1237 1295 1837 1434 1560 1219 1171 1656 1174 1095 1081 1170 1988 1547 1815 1846 1014 1695 1782 1224 1714 1717 1761 1468 1472 1103 1054 1221 1797 1512 1055 1663 1499 1921 1486 1623 1588 1084 1713 1283 1116 1739 1660 1212 1729 BCNSPRNW ULIB Ver.6.0+V

เปลี่ยนเป็นภาษาไทย

Change to English
 แสดงรายละเอียดบรรณานุกรม
  กลับหน้าหลัก

Brief Record : Get Marc (ISO 2709) : E-mail record : QR code < ปิดหน้าต่าง
LEADER : 00000nam 2200000uu 4500
001    13399114333
003     ULIB
008    120321s2552||||th 000 0 tha d
020    ^a9786115000074
090    ^aนว.^bณ410ฟ 2552
100 0  ^aณารา
245 00 ^aไฟฝันวันรัก/^cณารา
250    ^aพิมพ์ครั้งที่ 3
260    ^aกรุงเทพฯ :^bพิมพ์คำ,^c2552
300    ^a402 หน้า
710 1  ^aพิมพ์คำ
945    ^p280^l0^i16306
995    ^aกัณชพร
999    ^aใช้งานได้ทุกระบบ
รายการนี้ยังไม่มีแท็ก
คุณยังไม่ได้ล็อกอิน คุณสามารถมีกิจกรรมร่วมกับเว็บไซต์ได้ แต่ต้องล็อกอินก่อน ::
  ล็อกอิน

รายการสื่อสารสนเทศ

ลำดับที่ ประเภท เลขเรียก/บาร์โค้ด สถานที่ สถานะ
1. นวนิยาย
นวนิยาย
นว. ณ410ฟ 2552  
  Barcode: 16306
ห้องสมุดวิทยาเขตสวรรค์ประชารักษ์
►นวนิยาย
บนชั้น
  ขอยืม

รายการใกล้เคียง
    ผู้แต่ง [ณารา]

BibComment


ยังไม่เคยถูกคอมเมนท์

คอมเมนท์ทรัพยากรรายการนี้
  คอมเมนท์: ไฟฝันวันรัก ณารา


 Copyright 2026. Bcnsprnw @Library